000
nam a22 7a 4500
999
_c
235030
_d
235030
003
Nust
005
20170405115834.0
008
170405b xxu||||| |||| 00| 0 eng d
020
_a
9781934154144
040
_c
DLC
082
_a
625.85 ASP
245
_a
HMA Construction of Hot mix Asphalt Pavements
942
_2
ddc
_c
BK